[Event "World Blitz 2015"]
[Site "Berlin GER"]
[Date "2015.10.13"]
[Round "4.25"]
[White "Leko, Peter"]
[Black "Kryvoruchko, Yuriy"]
[Result "1/2-1/2"]
[WhiteTitle "GM"]
[BlackTitle "GM"]
[WhiteElo "2707"]
[BlackElo "2710"]
[WhiteFideId "703303"]
[BlackFideId "14109182"]
[EventDate "2015.10.13"]

1. e4 e5 2. Nf3 Nc6 3. Bb5 a6 4. Ba4 Nf6 5. O-O Be7 6. d3 d6 7. c3 O-O 8. Re1
Re8 9. Nbd2 Bf8 10. h3 b5 11. Bb3 Be6 12. Bc2 h6 13. d4 Bd7 14. Nf1 g6 15. Ng3
Bg7 16. d5 Ne7 17. b3 c5 18. a4 Nh7 19. Nh2 Rf8 20. Ra2 Qc7 21. Be3 Rab8 22. Qd2
h5 23. axb5 axb5 24. Rea1 Nc8 25. Nf3 Nb6 26. Ra7 Rb7 27. R7a6 Rbb8 28. Qe2 Ra8
29. Bd3 Qb7 30. Bxb5 Nxd5 31. Rxa8 Nxc3 32. Rxf8+ Bxf8 33. Qd3 Nxb5 34. Nd2 Be6
35. Nc4 Nd4 36. Bxd4 exd4 37. Nf1 d5 38. exd5 Bxd5 39. f3 Ng5 40. Nfd2 Ne6 41.
Ne4 Nf4 42. Qc2 d3 43. Nf6+ Kh8 44. Qa2 Bxc4 45. bxc4 d2 46. Qxd2 Ne6 47. Nd5
Bg7 48. Re1 Kh7 49. Kh1 Qa6 50. Qd3 Qa5 51. Rb1 Qa6 52. Qb3 Nd4 53. Qb7 Qxc4 54.
Qxf7 Qc2 55. Rb7 Nf5 56. Nf6+ Kh6 57. Ng8+ Kh7 58. Nf6+ Kh6 59. Nd5 Qd1+ 60. Kh2
Qd4 61. f4 Qd3 62. Rd7 Qg3+ 63. Kh1 Qe1+ 64. Kh2 Qg3+ 1/2-1/2

[Event "World Blitz 2015"]
[Site "Berlin GER"]
[Date "2015.10.13"]
[Round "4.26"]
[White "Bachmann, Axel"]
[Black "Alekseev, Evgeny"]
[Result "1/2-1/2"]
[WhiteTitle "GM"]
[BlackTitle "GM"]
[WhiteElo "2593"]
[BlackElo "2642"]
[WhiteFideId "3700488"]
[BlackFideId "4138147"]
[EventDate "2015.10.13"]

1. Nf3 c5 2. e4 e6 3. d4 cxd4 4. Nxd4 Nc6 5. Nc3 a6 6. Nxc6 bxc6 7. Bd3 d5 8.
O-O Nf6 9. Qe2 Be7 10. b3 O-O 11. Bb2 Bb7 12. Rad1 Qc7 13. f4 Rfe8 14. e5 Nd7
15. Nb1 c5 16. Nd2 c4 17. bxc4 Nc5 18. Kh1 Rab8 19. Bd4 Nxd3 20. cxd3 dxc4 21.
Nxc4 Qd7 22. Ba1 Bd5 23. Rb1 Qc7 24. h3 h6 25. Bd4 Rb5 26. Rbc1 Qd8 27. Qf2 Bf8
28. Nb6 Bb7 29. a4 Rb3 30. Rfd1 Ba3 31. Rb1 Rxb1 32. Rxb1 Bf8 33. Kh2 Qc7 34.
Nc4 Bd5 35. Rc1 Qb8 36. Nb6 Bb7 37. Bc5 Qd8 38. a5 Qxd3 39. Bxf8 Rxf8 40. Rc7
Be4 41. Nd7 Rd8 42. Nc5 Qc4 43. Rd7 Rxd7 44. Nxd7 Bc6 45. Nc5 Bb5 46. Qe3 Qb4
47. Ne4 Qxa5 48. Qc5 Qd8 49. Nd6 Qd7 50. Qb6 Qe7 51. Qb8+ Qf8 52. Qb7 Bd3 53.
Kg3 Bb5 54. Kh2 Bd3 55. Kg3 Bb5 1/2-1/2

[Event "World Blitz 2015"]
[Site "Berlin GER"]
[Date "2015.10.13"]
[Round "4.27"]
[White "Savchenko, Boris"]
[Black "Schneider, Ilja"]
[Result "0-1"]
[WhiteTitle "GM"]
[BlackTitle "IM"]
[WhiteElo "2567"]
[BlackElo "2481"]
[WhiteFideId "4147332"]
[BlackFideId "4663306"]
[EventDate "2015.10.13"]

1. e4 Nc6 2. Nf3 f5 3. exf5 d5 4. Bb5 Bxf5 5. Ne5 Qd6 6. d4 Nf6 7. Qe2 Nd7 8.
Nxd7 Nxd4 9. Qe5 Nxb5 10. Qxf5 Qxd7 11. Qh5+ g6 12. Qe5 Rg8 13. c3 Bg7 14. Qe2
O-O-O 15. O-O e5 16. Rd1 Qc6 17. Nd2 Nd6 18. Nf3 Ne4 19. a4 Rgf8 20. Be3 a6 21.
Ra3 Rfe8 22. Qf1 h6 23. Rc1 Nd6 24. Raa1 Nc4 25. Qe2 g5 26. h4 g4 27. Nd2 Nxe3
28. fxe3 h5 29. b4 Bh6 30. b5 Qb6 31. Nf1 a5 32. Qf2 Rf8 33. Qg3 Bf4 34. Qe1 Bh6
35. Rd1 d4 36. cxd4 exd4 37. exd4 Rxd4 38. Kh1 Kb8 39. Ng3 Rxd1 40. Rxd1 Qc5 41.
Ne4 Qe7 42. Rd4 Re8 43. g3 Bg7 44. Rc4 Qe6 45. Qe2 Qd5 46. Kh2 Bd4 47. b6 cxb6
48. Qc2 Rxe4 49. Rc8+ Ka7 50. Rf8 Bc5 51. Qb2 Bxf8 52. Qg2 Rd4 53. Qf1 Rd2+ 0-1

[Event "World Blitz 2015"]
[Site "Berlin GER"]
[Date "2015.10.13"]
[Round "4.28"]
[White "Bologan, Viktor"]
[Black "Svidler, Peter"]
[Result "1/2-1/2"]
[WhiteTitle "GM"]
[BlackTitle "GM"]
[WhiteElo "2607"]
[BlackElo "2727"]
[WhiteFideId "13900048"]
[BlackFideId "4102142"]
[EventDate "2015.10.13"]

1. e4 c5 2. Nf3 e6 3. c4 Nf6 4. Nc3 Nc6 5. Be2 Qb6 6. O-O Be7 7. a3 O-O 8. Rb1
Qc7 9. d4 cxd4 10. Nxd4 Nxd4 11. Qxd4 b6 12. e5 Ne8 13. Bf3 Bb7 14. Nb5 Qc8 15.
Bxb7 Qxb7 16. Bf4 a6 17. Nc3 f6 18. Rbd1 Rd8 19. exf6 Nxf6 20. Bd6 Bxd6 21. Qxd6
Rc8 22. Rd4 Rc6 23. Qe5 Rfc8 24. Ne4 Nxe4 25. Qxe4 Qc7 26. Qd3 Rxc4 27. Rxd7 Qe5
28. Rd8+ Rxd8 29. Qxd8+ Kf7 30. Qxb6 a5 31. Rd1 Qd5 32. Rf1 h6 33. g3 Rc2 34. b4
axb4 35. axb4 Rb2 36. Rc1 Qe4 37. b5 Qd5 38. Qc7+ Kg6 39. b6 Qd4 40. Qc5 Qxc5
41. Rxc5 Rxb6 1/2-1/2

[Event "World Blitz 2015"]
[Site "Berlin GER"]
[Date "2015.10.13"]
[Round "4.29"]
[White "Meier, Georg"]
[Black "Vovk, Yuri"]
[Result "1-0"]
[WhiteTitle "GM"]
[BlackTitle "GM"]
[WhiteElo "2654"]
[BlackElo "2617"]
[WhiteFideId "4675789"]
[BlackFideId "14113171"]
[EventDate "2015.10.13"]

1. Nf3 Nf6 2. g3 g6 3. Bg2 Bg7 4. O-O O-O 5. d4 d6 6. b3 e5 7. dxe5 dxe5 8. Ba3
Qxd1 9. Rxd1 Re8 10. Nc3 a6 11. Nd2 Nbd7 12. Nc4 e4 13. Rab1 b5 14. Na5 c5 15.
Nd5 Nxd5 16. Rxd5 Nf6 17. Rd6 Bf5 18. Bxc5 Bf8 19. Rc6 Bxc5 20. Rxc5 Rac8 21.
Rxc8 Rxc8 22. c4 e3 23. Rc1 exf2+ 24. Kxf2 Ng4+ 25. Kg1 bxc4 26. Nxc4 a5 27. Bf3
Ne5 28. Bd5 Rc5 29. Rd1 Nxc4 30. bxc4 Kg7 31. Kf2 Kf6 32. Ke3 Ke5 33. Bxf7 Be4
34. Bd5 Bf5 35. Rd2 Rc7 36. Rb2 Re7 37. Rb5 Kd6+ 38. Kd2 a4 39. Bf3 Bd7 40. Rd5+
Kc7 41. Kc3 Re3+ 42. Kb4 a3 43. Ra5 Be6 44. Rxa3 Rxa3 45. Kxa3 Bxc4 46. Kb2 Kb6
47. a3 Kc5 48. Kc3 g5 49. e3 h6 50. Be4 Bb5 51. Bc2 Bc6 52. Bd3 Ba4 53. Kd2 Bc6
54. Kc3 Ba4 55. Bc2 Bc6 56. Bb3 Be4 57. a4 Bc6 58. Bc2 Bd7 59. e4 Bc6 60. Kd3
Kb4 61. Kd4 1-0

[Event "World Blitz 2015"]
[Site "Berlin GER"]
[Date "2015.10.13"]
[Round "4.30"]
[White "Inarkiev, Ernesto"]
[Black "Salem, A.R. Saleh"]
[Result "0-1"]
[WhiteTitle "GM"]
[BlackTitle "GM"]
[WhiteElo "2660"]
[BlackElo "2624"]
[WhiteFideId "4162722"]
[BlackFideId "9301348"]
[EventDate "2015.10.13"]

1. Nf3 c5 2. b3 d6 3. Bb2 e5 4. e3 Nc6 5. d4 cxd4 6. exd4 e4 7. Nfd2 d5 8. Be2
Qg5 9. g3 Bh3 10. f4 Qd8 11. Nf1 Nf6 12. Ne3 h5 13. Qd2 Bb4 14. c3 Ba5 15. Na3
Rc8 16. O-O-O a6 17. Kb1 b5 18. Nac2 Ne7 19. Rc1 O-O 20. Nd1 Nf5 21. Nf2 Bg2 22.
Rhg1 Bf3 23. Bxf3 exf3 24. Qd3 Nd6 25. Qxf3 Nde4 26. Nxe4 Nxe4 27. Qxh5 Bxc3 28.
Ne3 Qa5 29. Rc2 Bxb2 30. Rxb2 Nd2+ 31. Ka1 Qc3 32. Nxd5 Qc1+ 33. Rb1 Nxb3+ 0-1

[Event "World Blitz 2015"]
[Site "Berlin GER"]
[Date "2015.10.13"]
[Round "4.32"]
[White "Fridman, Daniel"]
[Black "Melkumyan, Hrant"]
[Result "0-1"]
[WhiteTitle "GM"]
[BlackTitle "GM"]
[WhiteElo "2649"]
[BlackElo "2622"]
[WhiteFideId "11600454"]
[BlackFideId "13302485"]
[EventDate "2015.10.13"]

1. d4 Nf6 2. c4 g6 3. g3 Bg7 4. Bg2 c5 5. Nf3 cxd4 6. Nxd4 Nc6 7. Nc3 O-O 8. O-O
d6 9. e3 Bg4 10. Qd2 Qd7 11. b3 Bh3 12. Bb2 Rfc8 13. Rfe1 Bxg2 14. Kxg2 Rab8 15.
Rac1 a6 16. Nd5 Nxd5 17. cxd5 Nxd4 18. Bxd4 Qg4 19. f3 Qg5 20. Bxg7 Kxg7 21.
Qd4+ Qf6 22. Qxf6+ Kxf6 23. f4 h5 24. Kf3 g5 25. e4 g4+ 26. Ke3 h4 27. Kd4 e5+
28. fxe5+ dxe5+ 29. Ke3 Ke7 30. gxh4 Kd6 31. Kf2 Rf8 32. Kg3 f5 33. exf5 Rxf5
34. Rf1 Rxf1 35. Rxf1 Kxd5 36. h5 e4 37. Rf7 Re8 38. Kf2 Rh8 39. Rxb7 Rxh5 40.
Kg2 Rf5 41. Re7 Kd4 42. Kg3 e3 43. Kxg4 Rf1 44. h4 Kd3 45. Rd7+ Kc2 46. Rc7+ Kd2
47. Rd7+ Ke2 48. h5 Rg1+ 49. Kh3 Rh1+ 50. Kg4 Rg1+ 51. Kh3 Kf2 52. Rf7+ Ke1 53.
Re7 e2 54. Kh2 Rg5 55. h6 Rh5+ 56. Kg2 Rxh6 57. Rd7 Rg6+ 58. Kh2 Rg4 59. a3 Kf2
60. Rf7+ Ke3 0-1

[Event "World Blitz 2015"]
[Site "Berlin GER"]
[Date "2015.10.13"]
[Round "4.33"]
[White "Bruzon Batista, Lazaro"]
[Black "Sethuraman, S.P."]
[Result "0-1"]
[WhiteTitle "GM"]
[BlackTitle "GM"]
[WhiteElo "2659"]
[BlackElo "2640"]
[WhiteFideId "3503739"]
[BlackFideId "5021596"]
[EventDate "2015.10.13"]

1. c4 e6 2. Nf3 d5 3. d4 Nf6 4. Nc3 c6 5. g3 dxc4 6. a4 c5 7. Bg2 Nc6 8. Be3 Ng4
9. O-O Be7 10. Ne5 Nxe3 11. Bxc6+ bxc6 12. fxe3 O-O 13. Nxc6 Qd7 14. Nxe7+ Qxe7
15. dxc5 Qxc5 16. Qd4 Qc6 17. e4 Bb7 18. Rad1 h6 19. Qe3 f5 20. Rd2 Rad8 21.
Rxd8 Rxd8 22. Qxa7 Rd2 23. g4 fxe4 24. Qb8+ Kh7 25. Rf8 Qc5+ 26. Kf1 Bc6 27.
Rh8+ Kg6 28. Qf4 Rd7 29. Rf8 Kh7 30. Rf7 Rxf7 31. Qxf7 Qe5 32. Qf2 e3 33. Qg3
Qf6+ 34. Ke1 Qd4 35. Kf1 Qd2 36. Qe1 Qxb2 37. Qb1+ Qxb1+ 38. Nxb1 Bxa4 39. Nc3
Bc2 40. Kg2 Kg6 41. Kf3 Kg5 42. Kg3 h5 43. h4+ Kg6 44. Kf4 e5+ 45. Kxe5 hxg4 46.
Kf4 Kh5 47. Kg3 Bd3 48. Nd5 Bf5 49. Nxe3 Be6 50. Nd1 g5 51. hxg5 Kxg5 52. e4 Bc8
53. Nc3 Be6 54. Ne2 Kf6 55. Kf4 Bc8 56. Nc3 Ke7 57. Nd5+ Kd6 58. Nc3 Kc5 59. Ke3
Kb4 60. Nd5+ Kb3 61. Kd2 g3 62. Ne3 c3+ 63. Kc1 Bh3 0-1

[Event "World Blitz 2015"]
[Site "Berlin GER"]
[Date "2015.10.13"]
[Round "4.34"]
[White "Borisek, Jure"]
[Black "Iturrizaga Bonelli, Eduardo"]
[Result "0-1"]
[WhiteTitle "GM"]
[BlackTitle "GM"]
[WhiteElo "2565"]
[BlackElo "2641"]
[WhiteFideId "14603152"]
[BlackFideId "3901211"]
[EventDate "2015.10.13"]

1. e4 c5 2. Nf3 g6 3. c3 Nf6 4. e5 Nd5 5. Bc4 Nb6 6. Bb3 Bg7 7. O-O O-O 8. d4
cxd4 9. cxd4 d6 10. h3 Nc6 11. Bf4 dxe5 12. dxe5 Be6 13. Nc3 Qc8 14. Qe2 Bxb3
15. axb3 Qe6 16. Qb5 Rfd8 17. Rfd1 h6 18. Bg3 Rac8 19. Ne4 Qf5 20. Nc5 Rxd1+ 21.
Rxd1 Nxe5 22. Nxe5 Bxe5 23. Nxb7 Bxg3 24. Qxf5 gxf5 25. fxg3 Rc2 26. Ra1 Nd5 27.
Rxa7 Ne3 28. Na5 Rxg2+ 29. Kh1 Re2 30. Nc4 Nf1 31. Ra1 Nxg3+ 32. Kg1 f4 0-1

[Event "World Blitz 2015"]
[Site "Berlin GER"]
[Date "2015.10.13"]
[Round "4.36"]
[White "Cheparinov, Ivan"]
[Black "Hasangatin, Ramil"]
[Result "1-0"]
[WhiteTitle "GM"]
[BlackTitle "GM"]
[WhiteElo "2681"]
[BlackElo "2509"]
[WhiteFideId "2905540"]
[BlackFideId "4122160"]
[EventDate "2015.10.13"]

1. d4 d6 2. Nf3 Bg4 3. e4 Nf6 4. Nbd2 d5 5. e5 Ne4 6. Be2 Nxd2 7. Qxd2 e6 8. O-O
c5 9. dxc5 Bxc5 10. Qf4 Bxf3 11. Qxf3 Nc6 12. Qg3 g6 13. c3 Qc7 14. Bf4 Be7 15.
Rfe1 g5 16. Be3 Qxe5 17. Qxe5 Nxe5 18. Bd4 f6 19. Bh5+ Kd7 20. Bxe5 fxe5 21.
Rxe5 Bf6 22. Re3 Kd6 23. Bf7 e5 24. Rd1 Rad8 25. Bxd5 Kc7 26. h3 h5 27. c4 b6
28. Ra3 a5 29. Rf3 Rhf8 30. Rf5 g4 31. Rxh5 g3 32. fxg3 e4 33. Rh7+ Kc8 34. Bb7+
Kb8 35. Rxd8+ Rxd8 36. Bxe4 Bxb2 37. h4 Bd4+ 38. Kh2 Rg8 39. Bd5 Rg6 40. Kh3 Kc8
41. g4 Kd8 42. g5 1-0

[Event "World Blitz 2015"]
[Site "Berlin GER"]
[Date "2015.10.13"]
[Round "4.37"]
[White "Heimann, Andreas"]
[Black "Eljanov, Pavel"]
[Result "1/2-1/2"]
[WhiteTitle "IM"]
[BlackTitle "GM"]
[WhiteElo "2546"]
[BlackElo "2717"]
[WhiteFideId "24624632"]
[BlackFideId "14102951"]
[EventDate "2015.10.13"]

1. e4 c6 2. d4 d5 3. e5 Bf5 4. Nf3 e6 5. Be2 Ne7 6. O-O h6 7. Nbd2 Nd7 8. Nb3 g5
9. Ne1 Qc7 10. Nd3 Bg7 11. f4 O-O-O 12. Be3 f6 13. Bg4 Bxg4 14. Qxg4 Nf5 15.
Rae1 h5 16. Qe2 g4 17. Ndc5 Nxc5 18. Nxc5 Rde8 19. Qd3 Nxe3 20. Rxe3 f5 21. c4
Kb8 22. Rc1 Ka8 23. cxd5 cxd5 24. Rc3 Qc6 25. Qc2 Bh6 26. g3 h4 27. Ne4 Qa6 28.
Nd6 hxg3 29. hxg3 Bxf4 30. Nxe8 Bxe3+ 31. Rxe3 Rxe8 32. Rc3 Kb8 33. Qb3 Qb6 34.
Qa3 a6 35. Rc5 Rh8 36. Qc3 Ka7 37. a4 Qd8 38. Rc7 Kb8 39. Rg7 Qb6 40. a5 Qb5 41.
Qc7+ Ka7 42. Qc5+ Qxc5 43. dxc5 Rd8 44. c6 d4 45. Rxb7+ Ka8 46. Kf2 d3 47. Ke1
Rd5 48. Rb3 Rxe5+ 49. Kd2 Rc5 50. Rb6 Ka7 51. Kxd3 Rxa5 52. Rb7+ Ka8 53. Re7 Rc5
54. Rxe6 Ka7 55. Rf6 Kb6 56. Kd4 Rb5 57. Kc3 a5 58. b3 Rc5+ 59. Kd4 Kb5 60. c7
Rxc7 61. Rxf5+ Kb4 62. Rg5 Kxb3 63. Rxa5 Kb4 64. Rg5 Rc3 65. Ke5 Rxg3 66. Kf4
Rg1 67. Rxg4 Rxg4+ 68. Kxg4 1/2-1/2

[Event "World Blitz 2015"]
[Site "Berlin GER"]
[Date "2015.10.13"]
[Round "4.39"]
[White "Movsesian, Sergei"]
[Black "Hirneise, Tobias"]
[Result "1-0"]
[WhiteTitle "GM"]
[BlackTitle "IM"]
[WhiteElo "2658"]
[BlackElo "2457"]
[WhiteFideId "310204"]
[BlackFideId "24600881"]
[EventDate "2015.10.13"]

1. Nf3 c5 2. g3 Nc6 3. Bg2 g6 4. O-O Bg7 5. d3 d6 6. c3 e5 7. e4 Nge7 8. a3 a5
9. a4 O-O 10. Na3 h6 11. Nc4 Be6 12. Nfd2 d5 13. exd5 Nxd5 14. Ne4 b6 15. Re1
Rb8 16. Bd2 Qd7 17. Ned6 Nde7 18. Qc2 Rfd8 19. Rad1 Bd5 20. Ne4 f5 21. Bxh6 fxe4
22. dxe4 Bxh6 23. exd5 Na7 24. d6 Nf5 25. Nxe5 Qg7 26. d7 Bg5 27. Bd5+ Kh7 28.
Nf7 Bf6 29. Nxd8 Rxd8 30. Be4 Ne7 31. Qb3 1-0

[Event "World Blitz 2015"]
[Site "Berlin GER"]
[Date "2015.10.13"]
[Round "4.40"]
[White "Nepomniachtchi, Ian"]
[Black "Moiseenko, Alexander"]
[Result "0-1"]
[WhiteTitle "GM"]
[BlackTitle "GM"]
[WhiteElo "2705"]
[BlackElo "2692"]
[WhiteFideId "4168119"]
[BlackFideId "14102560"]
[EventDate "2015.10.13"]

1. e4 c5 2. Nf3 Nc6 3. Bb5 d6 4. d4 cxd4 5. Qxd4 a6 6. Bxc6+ bxc6 7. O-O e5 8.
Qd3 Be7 9. c4 Qc7 10. b3 Nf6 11. Nc3 O-O 12. Rd1 Bg4 13. h3 Bh5 14. Qe3 Rad8 15.
Bb2 h6 16. Rd2 Nh7 17. c5 dxc5 18. Rxd8 Rxd8 19. Na4 Bxf3 20. Qxf3 Ng5 21. Qf5
Bd6 22. Rc1 Ne6 23. Qg4 Qe7 24. Qe2 Nf4 25. Qf1 Qg5 26. g3 Be7 27. Kh2 Rd2 28.
Rd1 Nd3 29. h4 Rxf2+ 30. Qxf2 Nxf2 31. hxg5 Nxd1 32. Bxe5 hxg5 33. Kg2 f6 34.
Bc7 c4 35. Kf3 c3 36. Ke2 c2 37. Kd2 Ne3 38. Nb2 Ba3 39. Nd3 c1=Q+ 40. Nxc1
Bxc1+ 41. Kxc1 Ng4 42. Kd2 Kf7 43. Kd3 Ke6 44. Kd4 g6 45. Bb8 f5 46. exf5+ gxf5
47. Kc5 Ne5 48. Kd4 c5+ 49. Ke3 Kd5 50. Bc7 Ng4+ 51. Kd3 Ne5+ 52. Ke3 Nc6 53.
Kd2 Nb4 54. a3 Nc6 55. Kd3 Nd4 56. Bd8 g4 57. b4 cxb4 58. axb4 Nc6 59. Bg5 Nxb4+
60. Kc3 Nc6 61. Kd3 Ne5+ 62. Ke3 Nc4+ 63. Kd3 Nd6 64. Bd2 Ne4 65. Be1 a5 66.
Bxa5 Nxg3 67. Bc7 Nh5 68. Ke3 Ke6 69. Bb8 Kf6 70. Bc7 Kg5 71. Bd8+ Kg6 72. Bc7
Nf6 73. Kf2 Nd5 74. Bb8 f4 75. Kg2 Kf5 76. Bd6 Nf6 77. Bb8 f3+ 78. Kf2 Ne4+ 79.
Ke3 Nc3 80. Kf2 Ke4 81. Ba7 Ne2 82. Bb8 g3+ 0-1

[Event "World Blitz 2015"]
[Site "Berlin GER"]
[Date "2015.10.13"]
[Round "4.41"]
[White "Khairullin, Ildar"]
[Black "Bogdanovich, Stanislav"]
[Result "1-0"]
[WhiteTitle "GM"]
[BlackTitle "IM"]
[WhiteElo "2652"]
[BlackElo "2590"]
[WhiteFideId "4151348"]
[BlackFideId "14115298"]
[EventDate "2015.10.13"]

1. c4 c6 2. d4 d5 3. Nf3 dxc4 4. e3 Be6 5. Nbd2 Nf6 6. Nxc4 Bxc4 7. Bxc4 e6 8.
O-O Be7 9. Qe2 O-O 10. Rd1 Nbd7 11. e4 Qa5 12. Bf4 Qh5 13. h3 Rfd8 14. a3 Bf8
15. Rac1 c5 16. d5 e5 17. Bg3 a6 18. a4 Bd6 19. Qe3 Qg6 20. Bd3 Nh5 21. Nh4 Qf6
22. Nf5 Nxg3 23. Qxg3 g6 24. Ne3 Kf8 25. Nc4 Ke7 26. Qe3 Rdc8 27. Rf1 Rc7 28. g3
g5 29. Be2 b5 30. Na5 bxa4 31. Nc6+ Kf8 32. Bg4 Nb6 33. Rxc5 a3 34. bxa3 Kg8 35.
Rc2 Nd7 36. Bxd7 Rxd7 37. Rb1 Re8 38. Rb6 Qh6 39. Kg2 Qg7 40. Qf3 g4 41. Qxg4
Qxg4 42. hxg4 Ra8 43. a4 Kf8 44. g5 Ke8 45. Kh3 Bc7 46. Rb3 Bd6 47. Kg4 Kf8 48.
Kf5 Kg7 49. f4 exf4 50. gxf4 Re8 51. e5 Bf8 52. d6 a5 53. Rh3 Bxd6 54. exd6 Rxd6
55. Ne5 f6 56. Rc7+ Kg8 57. gxf6 Rf8 58. Rg7+ 1-0

[Event "World Blitz 2015"]
[Site "Berlin GER"]
[Date "2015.10.13"]
[Round "4.42"]
[White "Mamedov, Rauf"]
[Black "Grigoriants, Sergey"]
[Result "1-0"]
[WhiteTitle "GM"]
[BlackTitle "GM"]
[WhiteElo "2657"]
[BlackElo "2603"]
[WhiteFideId "13401653"]
[BlackFideId "4130804"]
[EventDate "2015.10.13"]

1. c4 Nf6 2. Nc3 e5 3. g3 Bb4 4. Bg2 O-O 5. Nf3 Re8 6. O-O Bxc3 7. bxc3 d6 8. d3
e4 9. Nd4 h6 10. Rb1 Nbd7 11. h3 a6 12. Be3 Ne5 13. Nb3 exd3 14. exd3 Bf5 15.
Nc1 Nxc4 16. Rxb7 Nxe3 17. fxe3 Be6 18. e4 Rb8 19. Rxb8 Qxb8 20. Qc2 c5 21. Ne2
d5 22. Nf4 dxe4 23. dxe4 Bc4 24. Rf2 Qe5 25. Qa4 Qxc3 26. Kh2 Bb5 27. Qd1 Qd4
28. Rd2 Qe5 29. a4 Bc6 30. Nd3 Qc3 31. Nf2 Bxa4 32. Qe1 Bc6 33. Qd1 Bb5 34. Rc2
Qe5 35. Qc1 Qd4 36. Rd2 Qe5 37. Rc2 Qd4 38. Rd2 Qe3 39. Nd1 Qg5 40. Nc3 Nh5 41.
Qe1 Nxg3 42. Rd5 Re5 43. Qxg3 Qxg3+ 44. Kxg3 Re7 45. Rxc5 Rd7 46. e5 Rd3+ 47.
Kf4 g5+ 48. Ke4 Rg3 49. Nxb5 axb5 50. Rc2 b4 51. Kf5 b3 52. Rb2 Kg7 53. Bd5 Rxh3
54. Bxb3 Rh4 55. Rf2 Rb4 56. Bd5 Rd4 57. Be4 Rb4 58. Rc2 Rb1 59. Bd3 Rd1 60. Be2
Rd4 61. e6 fxe6+ 62. Ke5 Rf4 63. Bh5 Rf1 64. Rc7+ Kf8 65. Kxe6 Rf4 66. Bg6 g4
67. Bf5 Rb4 68. Kf6 Rb6+ 69. Be6 Rb8 70. Rg7 1-0

[Event "World Blitz 2015"]
[Site "Berlin GER"]
[Date "2015.10.13"]
[Round "4.44"]
[White "Onischuk, Vladimir"]
[Black "Stern, Rene"]
[Result "1-0"]
[WhiteTitle "GM"]
[BlackTitle "GM"]
[WhiteElo "2612"]
[BlackElo "2538"]
[WhiteFideId "14114038"]
[BlackFideId "4611799"]
[EventDate "2015.10.13"]

1. e4 e5 2. Nf3 Nc6 3. Bb5 a6 4. Ba4 Nf6 5. O-O Be7 6. d3 d6 7. a3 O-O 8. Nc3
Nd7 9. Bb3 Kh8 10. Be3 Bf6 11. h3 g6 12. Kh1 Bg7 13. Ng5 Kg8 14. f4 exf4 15.
Bxf4 Nde5 16. d4 h6 17. Bxe5 Nxe5 18. dxe5 Qxg5 19. exd6 cxd6 20. Qxd6 Be5 21.
Qd3 Be6 22. Bd5 Rad8 23. Rad1 b5 24. Qf3 Bxc3 25. bxc3 Bxd5 26. exd5 Rd7 27. Rd4
Rfd8 28. Rfd1 Qe5 29. Rf1 h5 30. Kg1 Kg7 31. a4 f5 32. axb5 axb5 33. Rfd1 Rc8
34. d6 Rcd8 35. Qd3 Qc5 36. Kh1 Rc8 37. Qe2 1-0

[Event "World Blitz 2015"]
[Site "Berlin GER"]
[Date "2015.10.13"]
[Round "4.45"]
[White "Svane, Rasmus"]
[Black "Matlakov, Maxim"]
[Result "1/2-1/2"]
[WhiteTitle "IM"]
[BlackTitle "GM"]
[WhiteElo "2543"]
[BlackElo "2689"]
[WhiteFideId "4657101"]
[BlackFideId "4168003"]
[EventDate "2015.10.13"]

1. d4 Nf6 2. c4 e6 3. Nc3 Bb4 4. Qc2 c5 5. dxc5 O-O 6. Nf3 Bxc5 7. Bf4 b6 8. e3
Bb7 9. Be2 Be7 10. Rd1 a6 11. h3 d6 12. O-O Qc7 13. Rd2 Nbd7 14. Rfd1 Ne5 15.
Nxe5 dxe5 16. Bg5 Rfd8 17. a3 h6 18. Bxf6 Bxf6 19. Rxd8+ Rxd8 20. Rxd8+ Bxd8 21.
Qd3 Be7 22. Bf3 Bc8 23. Qe4 f5 24. Qc6 Qd8 25. g3 e4 26. Bg2 Bf6 27. Bf1 Bd7 28.
Qd6 Be7 29. Qe5 Bf6 30. Qd6 Be7 31. Qe5 Qc8 32. Nd5 Bd8 33. Nf4 Qc7 34. Qxc7
Bxc7 35. Ne2 Kf7 36. b4 Ke7 37. Nd4 g5 38. Be2 f4 39. gxf4 gxf4 40. Bg4 Be5 41.
Kf1 Kd6 42. Ke1 Bf6 43. Kd2 Bh4 44. Ke2 Bf6 45. Kd2 Bh8 46. Ne2 f3 47. Nc3 Bc6
48. Bh5 Bf6 49. Bg4 Bh4 50. Ke1 Bf6 51. Kd2 Be7 52. Bh5 Ke5 53. Bg6 a5 54. b5
Bb7 55. a4 Bb4 56. Kc2 Bc5 57. Kd2 Be7 58. Be8 Bh4 59. Ke1 Be7 60. Kd2 Kd6 61.
Bg6 Ke5 62. Be8 Bb4 63. Kc2 Ba8 64. Bc6 Bxc6 65. bxc6 Kd6 66. Nxe4+ Kxc6 67. Kd3
Be1 68. Kc2 Bb4 69. Kd3 Be1 70. Kc2 Bb4 1/2-1/2

[Event "World Blitz 2015"]
[Site "Berlin GER"]
[Date "2015.10.13"]
[Round "4.46"]
[White "Guliyev, Namig"]
[Black "Guseinov, Gadir"]
[Result "0-1"]
[WhiteTitle "GM"]
[BlackTitle "GM"]
[WhiteElo "2579"]
[BlackElo "2634"]
[WhiteFideId "13400363"]
[BlackFideId "13401378"]
[EventDate "2015.10.13"]

1. e4 c5 2. Nf3 g6 3. d4 cxd4 4. Nxd4 Nc6 5. Nc3 Bg7 6. Be3 Nf6 7. Bc4 O-O 8.
Bb3 Qa5 9. O-O d6 10. h3 Bd7 11. Re1 Rac8 12. Qd2 a6 13. Rad1 Qh5 14. f4 b5 15.
Nxc6 Bxc6 16. Nd5 Bxd5 17. exd5 Ne4 18. Qd3 Nc5 19. Bxc5 Rxc5 20. c3 Bf6 21. g4
Qh4 22. Kg2 a5 23. a3 Rfc8 24. Re4 Bxc3 25. Qe2 Bxb2 26. Rxe7 Rc3 27. Re8+ Rxe8
28. Qxe8+ Kg7 0-1

[Event "World Blitz 2015"]
[Site "Berlin GER"]
[Date "2015.10.13"]
[Round "4.47"]
[White "Dlugy, Maxim"]
[Black "Mikhalevski, Victor"]
[Result "1-0"]
[WhiteTitle "GM"]
[BlackTitle "GM"]
[WhiteElo "2518"]
[BlackElo "2536"]
[WhiteFideId "2000075"]
[BlackFideId "2801914"]
[EventDate "2015.10.13"]

1. d4 Nf6 2. Nf3 g6 3. Bg5 Bg7 4. c3 O-O 5. e3 d5 6. h3 Nbd7 7. Be2 Re8 8. O-O
e5 9. a4 a5 10. Na3 c6 11. Bh4 h6 12. Bg3 exd4 13. cxd4 Ne4 14. Bh2 Qb6 15. Qc2
Qb4 16. Nb1 Nf8 17. Nc3 Bf5 18. Bd3 g5 19. Rfc1 Bh7 20. Nd2 Nxd2 21. Bxh7+ Nxh7
22. Qxd2 Nf8 23. Qc2 Ng6 24. Re1 Re6 25. Ne2 Rae8 26. Red1 Nh4 27. Bg3 Ng6 28.
Nc1 Qe7 29. Qd2 Ra8 30. Nd3 Qd8 31. b4 Bf8 32. Nc5 Re7 33. Rdb1 b6 34. Nd3 Re6
35. b5 c5 36. dxc5 bxc5 37. Rd1 c4 38. Ne1 Bg7 39. Rac1 c3 40. Qd3 Rc8 41. Qxd5
Qxd5 42. Rxd5 Re4 43. b6 Rb4 44. Rb5 Rxb5 45. axb5 Be5 46. b7 Rb8 47. Rxc3 Rxb7
48. Bxe5 Nxe5 49. Rc5 Nd7 50. Rd5 a4 51. Nc2 Kf8 52. Na3 Nb6 53. Rd6 Kg7 54. g4
Nc8 55. Rc6 Na7 56. Rc5 Kf6 57. Kg2 Ke6 58. Kf3 Kd6 59. Rf5 Ke6 60. Ke4 Nc8 61.
Re5+ Kd6 62. Nc4+ Kd7 63. Rd5+ Ke6 64. Re5+ Kf6 65. Rc5 Rb8 66. Kd3 Ke7 67. Kc3
Nb6 68. Nxb6 Rxb6 69. Kb4 Kd6 70. Rc3 Rb8 71. Kxa4 Ra8+ 72. Kb4 Rb8 73. Rc6+ Kd5
74. Rxh6 Ra8 75. Rf6 Ra7 76. Rf5+ Ke4 77. b6 Ra2 78. Kc5 1-0